000 00299nam a22001337a 4500
008 170825b xxu||||| |||| 00| 0 eng d
020 _a2900073385029
041 _aeng
080 _27 ED
_a070
100 _a40
101 _aMAT
245 _aCOMUNICATION THEORY
_cGRIFFIN.E
942 _2udc
_cBK
999 _c24984
_d24984